Nashr nuqūsh Sāmīyah qadīmah min janūb bilād al-ʻArab wa-sharhụhā /

Saved in:

Main Author: Nāmī, Khalīl Yaḥyá (Author)

Format: Book

Language: Arabic

Published: al-Qāhirah : Matḅaʻat al-Maʻhad al-ʻIlmī al- Faransī lil-Āthār al-Sharqīyah, 1943.

Subjects:

Tags: Add Tag

No Tags, Be the first to tag this record!

Call Number: PJ6951 .N3 1943

LEADER 01179nam a2200229Ia 4500
003 OSt
005 20231010110453.0
008 130303s1943 ua ah b 001 0 ara d
952 |0 0  |1 0  |2 lcc  |4 0  |6 PJ6951 N3 01943  |7 1  |9 50370  |a ARCE  |b ARCE  |d 2023-10-10  |l 0  |o PJ6951 .N3 1943  |p 1026800  |r 2023-10-10 00:00:00  |w 2023-10-10  |y BK 
999 |c 27288  |d 27288 
040 |c ARCE Library 
050 4 |a PJ6951 .N3 1943 
100 1 |6 880-01  |a Nāmī, Khalīl Yaḥyá,  |e author 
245 1 0 |6 880-02  |a Nashr nuqūsh Sāmīyah qadīmah min janūb bilād al-ʻArab wa-sharhụhā /   |c bi-qalam Khalīl Yahỵá Nāmī.  
264 1 |a al-Qāhirah :  |b Matḅaʻat al-Maʻhad al-ʻIlmī al- Faransī lil-Āthār al-Sharqīyah,  |c 1943.  
300 |a 7, 135 pages :   |b illustrations, facsimiles ;   |c 29 cm. 
504 |a Includes bibliographical references (pages 6-7 [1st group]) and indexes.  
650 0 |a Inscriptions   |x Arabic. 
880 1 |6 100-01/(3/r  |a نامي، خليل يحيى 
880 1 0 |6 245-02/(3/r  |a نشر نقوش سامية قديمة من جنوب بلاد العرب و شرحها   |c بقلم خليل يحيى نامي.‪‪‪‪‪‪‪‪‪‪‪‪‪‪‪‪ 
901 |a reviewed 
942 |c BK  |2 lcc